|
|
|
|
| LEADER |
00913nam a2200241 a 4500 |
| 001 |
28423 |
| 003 |
BD-DhAAL |
| 005 |
20141021112932.0 |
| 008 |
141021s2013 bg 000 0 eng |
| 020 |
|
|
|a 9847002002172
|
| 040 |
|
|
|a BD-DhAAL
|c BD-DhAAL
|
| 050 |
0 |
0 |
|a PR3488
|b .A1 1993
|
| 082 |
0 |
0 |
|a 822/.6
|2 20
|
| 100 |
1 |
|
|a Goldsmith, Oliver,
|d 1730?-1774.
|9 5775
|
| 245 |
1 |
0 |
|a She stoops to conquer /
|c by Oliver Goldsmith ; introduction and notes by Robert Herring
|
| 260 |
|
|
|a Dhaka :
|b Friends' book corner,
|c 2013
|
| 300 |
|
|
|a xxvi, 134 p. ;
|c 20 cm.
|
| 541 |
|
|
|e 28423
|
| 655 |
|
7 |
|a Comedies.
|2 gsafd
|9 5776
|
| 700 |
1 |
0 |
|a Herring, Robert.
|9 5777
|
| 942 |
|
|
|2 ddc
|c BK
|
| 999 |
|
|
|c 32967
|d 32967
|
| 952 |
|
|
|0 0
|1 0
|2 ddc
|4 0
|6 822_600000000000000_GOL
|7 0
|9 43902
|a BRACUL
|b BRACUL
|c GEN
|d 2014-10-21
|e Friends book corner
|g 75.00
|l 1
|o 822.6 GOL
|p 3010028423
|r 2024-03-18
|s 2024-03-11
|t 1
|w 2014-10-21
|y BK
|x Transferred from BIL to BRACUL on 06/06/22
|